000 00939cam a2200289 i 4500
001 6637
003 BD-RjUL
005 20211208234301.0
008 140111s1980 caua b 000 0 eng
020 _a0804710740
035 _a(BD-RjUL)6678
040 _aDLC
_cDLC
_dDLC
_dBD-RjUL
_beng
041 _aeng
082 0 0 _a401.9
_219
_bFRL 1980
100 1 _aFrake, Charles O.,
_d1930-
_920862
245 1 0 _aLanguage and cultural description :
_bessays /
_cby Charles O. Frake ; selected and introduced by Anwar S. Dil.
260 _aStanford, Calif. :
_bStanford University Press,
_cc1980.
300 _axiii, 341 p. :
_bill. ;
_c23 cm.
504 _aIncludes bibliographies.
650 0 _aAnthropological linguistics.
_920863
650 0 _aLanguage and culture.
_920864
700 1 _aDil, Anwar S.
_920034
942 _2ddc
_cBK
999 _c6637
_d6637